Cyber Crimes And Law (Record no. 204460)

MARC details
000 -LEADER
fixed length control field 00449nam a2200169Ia 4500
008 - FIXED-LENGTH DATA ELEMENTS--GENERAL INFORMATION
fixed length control field 230714s9999 xx 000 0 und d
020 ## - INTERNATIONAL STANDARD BOOK NUMBER
International Standard Book Number 9790000000000
041 ## - LANGUAGE CODE
Language code of text/sound track or separate title eng
082 ## - DEWEY DECIMAL CLASSIFICATION NUMBER
Classification number 005.8
Item number VER
100 ## - MAIN ENTRY--PERSONAL NAME
Personal name Verma A.
9 (RLIN) 117577
245 ## - TITLE STATEMENT
Title Cyber Crimes And Law
260 ## - PUBLICATION, DISTRIBUTION, ETC. (IMPRINT)
Date of publication, distribution, etc. 2009
Name of publisher, distributor, etc. Central Law Publications
300 ## - PHYSICAL DESCRIPTION
Extent 464
Accompanying material [OBSOLETE, CAN/MARC] Ref 66 IT (39207)
365 ## - TRADE PRICE
Currency code Rs.
Price amount 580.00
700 ## - ADDED ENTRY--PERSONAL NAME
Personal name Verma A.
9 (RLIN) 117577
906 ## - LOCAL DATA ELEMENT F, LDF (RLIN)
d B:255121-Oct-2011
c IT
b 233.1

No items available.